TV Show by Plot - Statistics

General Stats
  • This quiz has been taken 257 times
    241 since last reset
  • The average score is 7 of 11
Answer Stats
Plot TV Show % Correct
A terminally ill chemistry teacher produces drugs and destroys cell phones Breaking Bad
93%
Kings, queens and lords fight for a throne made of swords Game of Thrones
93%
Gangsters from Birmingham, UK, do badass stuff in the twenties Peaky Blinders
74%
A dad keeps his children stuck on a couch to tell them about his love affairs How I Met Your Mother
69%
Weird things happen on a desert island after a plane crash Lost
69%
A childish detective, a gay captain and other cops make you laugh very hard Brooklyn Nine-Nine
67%
The sleazy lawyer who helps the guy who breaks bad gets his own show Better Call Saul
65%
A dandy psychiatist eats people, but in a very cool way Hannibal
52%
Scandinavian handsome men and women fight and start dynasties Vikings
48%
A bipolar hacker takes down corporations with the help of his dead father Mr Robot
39%
A corrupted US politician breaks down the fourth wall and knocks on tables House of Cards
36%
No matching quizzes found
Score Distribution
Percent of People with Each Score
Percentile by Number Answered
Your Score History
You have not taken this quiz since the last reset